| 000 | 00701nam a22001937a 4500 | ||
|---|---|---|---|
| 005 | 20250829141817.0 | ||
| 008 | 250829b |||||||| |||| 00| 0 eng d | ||
| 037 | _cTB | ||
| 040 |
_aAL _cAL |
||
| 041 |
_2ENG _aENG |
||
| 084 |
_aT:2:(P) L8 _qAL |
||
| 100 | _aSrivastava, A K | ||
| 245 |
_aLanguage load : _b report of the survey of the opinions of students parents and teachers on the various aspects of the problems of load of learning several language |
||
| 260 |
_aMysore, India: _bCentral Institute of Indian Languages, _c1978. |
||
| 300 | _axvi,162p. | ||
| 650 | _2EDUCATION | ||
| 942 |
_2CC _cTB _hT:2:(P) L8 _n0 |
||
| 999 |
_c1434988 _d1434988 |
||